Zondervan illustrated bible backgrounds commentary / (Record no. 74598)
[ view plain ]
| 000 -LEADER | |
|---|---|
| fixed length control field | 00680nam a22002297a 4500 |
| 003 - CONTROL NUMBER IDENTIFIER | |
| control field | PILC |
| 005 - DATE AND TIME OF LATEST TRANSACTION | |
| control field | 20240319084122.0 |
| 008 - FIXED-LENGTH DATA ELEMENTS--GENERAL INFORMATION | |
| fixed length control field | 240319b |||||||| |||| 00| 0 eng d |
| 010 ## - LIBRARY OF CONGRESS CONTROL NUMBER | |
| LC control number | Acc#48504 |
| 020 ## - INTERNATIONAL STANDARD BOOK NUMBER | |
| International Standard Book Number | 9780310528838 |
| 040 ## - CATALOGING SOURCE | |
| Transcribing agency | Philippine Baptist Theological Seminary |
| 050 ## - LIBRARY OF CONGRESS CALL NUMBER | |
| Classification number | Ref BS 2341.52 |
| Item number | K45 2019 |
| 100 ## - MAIN ENTRY--PERSONAL NAME | |
| Personal name | Keener, Craig S. |
| Relator term | Author |
| 245 ## - TITLE STATEMENT | |
| Title | Zondervan illustrated bible backgrounds commentary / |
| 264 ## - PRODUCTION, PUBLICATION, DISTRIBUTION, MANUFACTURE, AND COPYRIGHT NOTICE | |
| Place of production, publication, distribution, manufacture | USA : |
| Name of producer, publisher, distributor, manufacturer | Zondervan, |
| Date of production, publication, distribution, manufacture, or copyright notice | ©2019. |
| 300 ## - PHYSICAL DESCRIPTION | |
| Extent | 251 pages ; |
| Dimensions | 25 cm. |
| 490 ## - SERIES STATEMENT | |
| Volume/sequential designation | Volume 2A |
| 504 ## - BIBLIOGRAPHY, ETC. NOTE | |
| Bibliography, etc | Includes bibliographical reference and index. |
| 505 ## - FORMATTED CONTENTS NOTE | |
| Formatted contents note | John |
| 700 ## - ADDED ENTRY--PERSONAL NAME | |
| Personal name | Clinton E. Arnold |
| Relator term | General editor |
| 942 ## - ADDED ENTRY ELEMENTS (KOHA) | |
| Source of classification or shelving scheme | Library of Congress Classification |
| Koha item type | Reference Books |
| Withdrawn status | Lost status | Source of classification or shelving scheme | Damaged status | Not for loan | Home library | Current library | Shelving location | Date acquired | Source of acquisition | Total Checkouts | Full call number | Barcode | Date last seen | Price effective from | Koha item type | Public note |
|---|---|---|---|---|---|---|---|---|---|---|---|---|---|---|---|---|
| Library of Congress Classification | PBTS Library | PBTS Library | Reference Section | 03/19/2024 | Gift | Ref BS 2341.52 K45 2019 | 48504 | 04/08/2026 | 03/19/2024 | Reference Books | Donated by Craig S. Keener |